000 02373nam a2200385Ia 4500
999 _c43911
_d43911
001 10660
003 GE_BSU
005 20250528120226.0
008 181216s2010||||ge |||||||||||||| ||geo||
020 _a9789941030970
040 _cGE_BSU
041 _ageo
080 _a373.3(479.22)(072)+371.13(479.22) დ–25
245 _aდაწყებითი საფეხურის მასწავლებლის მეთოდური გზამკვლევი /
_c[ავტ.: მარიამ მირიანაშვილი, ნინო ჯაში, მაია ბლიაძე [და სხვ.]; რედ.: ნინო ელბაქიძე, თეა ქიტოშვილი].
264 _aთბილისი:
_bმასწავლებელთა პროფეს.განვითარების ეროვნული ცენტრი,
_c2010.
300 _a144 გვ.;
_b24 სმ.
504 _aბიბლიოგრ.: გვ. 138.
541 _h8ლ.
653 _aდაწყებითი განათლება
653 _aმასწავლებელთა პროფესიული მომზადება
700 _aმირიანაშვილი, მარიამ
_e ავტორი
_93277
700 _aჩხენკელი, გვანცა
_eავტორი
_925145
700 _aჯაში, ნინო
_eავტორი
_93278
700 _aბლიაძე, მაია
_eავტორი
_93279
700 _aხატისაშვილი, გია
_eავტორი
_92714
700 _aგახელაძე, გიორგი
_eავტორი
_94229
700 _aლორთქიფანიძე, ბესიკ
_eავტორი
_925146
700 _aჩორგოლაშვილი, პაატა
_eავტორი
_925147
700 _aბერიშვილი, ლალი
_eავტორი
_925148
700 _aმახარობლიძე, ნატო
_eავტორი
_917259
700 _aფირცხალავა, ელენე
_eავტორი
_925149
700 _aელბაქიძე, ნინო
_eავტორი
_93280
700 _aქიტოშვილი, თეა
_eრედაქტორი
_925150
942 _cBK
_2udc